00493nam a2200181Ia 450000500170000000800410001702000180005804000190007604100120009508200130010710000170012024500830013726000280022030000100024865000260025870000160028485000110030020230922104918.0131103s9999 xx 000 0 und d a0 7137 0602 3 aLoreto College aEnglish a242bCOO aCook, Sydney 4aThe Black and White Bookb A handbook of revolution cSydney Cook & Garth Lean aLondonbBlandfordc1972 a71p.  aDevotional literature aLean, Garth aLCLIB